[Event "PNWCC Masters WOO 2020"]
[Site "chess.com INT"]
[Date "2020.07.04"]
[Round "1.1"]
[White "Metpally, Jason"]
[Black "Le, Quang Liem"]
[Result "0-1"]
[BlackTitle "GM"]
[WhiteElo "2204"]
[BlackElo "2709"]
[WhiteFideId "2068567"]
[BlackFideId "12401137"]
[EventDate "2020.07.04"]

1. d4 Nf6 2. c4 e6 3. g3 c5 4. d5 exd5 5. cxd5 d6 6. Nc3 g6 7. Bg2 Bg7 8. Nf3
O-O 9. O-O Re8 10. Bf4 Na6 11. Nd2 Nh5 12. Be3 Rxe3 13. fxe3 Nc7 14. a4 b6 15.
Nc4 Nf6 16. Qb3 Ba6 17. Rf4 Bh6 18. Raf1 Bxf4 19. exf4 Rb8 20. Na3 Qe7 21. Bf3
Qe3+ 22. Kh1 h5 23. Nc4 Bxc4 24. Qxc4 Re8 25. Nd1 Qd4 26. Qxd4 cxd4 27. Nf2
Ncxd5 28. Rd1 Ne3 29. Rxd4 Rc8 30. Nh3 Rc1+ 31. Ng1 d5 32. Rd3 Nd1 33. Rd2 Kf8
34. Bxd5 Nxd5 35. Rxd5 Nxb2 36. a5 Rc5 37. Rxc5 bxc5 38. Nf3 a6 39. Kg2 Nc4 40.
Kf2 Ke7 41. e4 Nxa5 42. Ke3 Nb7 43. Kd3 f6 44. Kc4 Nd6+ 45. Kxc5 Nxe4+ 46. Kb6
Ke6 47. Kxa6 g5 48. fxg5 fxg5 49. Kb5 Kf5 50. Kc4 Kg4 51. Ng1 Nd2+ 52. Kd3 Nf3
53. Ne2 Nxh2 54. Ke3 Kh3 55. Kf2 Ng4+ 56. Kf3 Nh6 57. Kf2 Kh2 58. Kf3 Nf5 59.
Kf2 g4 60. Nf4 Nxg3 61. Ng2 Ne4+ 62. Kf1 Nd2+ 63. Kf2 g3+ 0-1

[Event "PNWCC Masters WOO 2020"]
[Site "chess.com INT"]
[Date "2020.07.04"]
[Round "1.2"]
[White "Xiong, Jeffery"]
[Black "Zhao, Erick"]
[Result "1-0"]
[WhiteTitle "GM"]
[BlackTitle "CM"]
[WhiteElo "2709"]
[BlackElo "2039"]
[WhiteFideId "2047640"]
[BlackFideId "30946930"]
[EventDate "2020.07.04"]

1. d4 Nf6 2. c4 g6 3. Nc3 d5 4. Bg5 Ne4 5. Bh4 Nxc3 6. bxc3 Bg7 7. e3 c5 8. cxd5
Qxd5 9. Be2 Bf5 10. Nf3 cxd4 11. cxd4 Nc6 12. O-O O-O 13. Nd2 e5 14. Bf3 e4 15.
Be2 Na5 16. Rb1 Rac8 17. Rb2 b6 18. Qb1 Bxd4 19. exd4 e3 20. Bf3 Qxd4 21. Ne4
Bxe4 22. Bxe4 Nc4 23. Re2 Rfe8 24. f3 Nd2 25. Qa1 Qc4 26. Rxe3 Nxf1 27. Qxf1
Qxa2 28. Rd3 Qb2 29. Rd1 a5 30. Rb1 Qd2 31. Be1 Qf4 32. Qb5 Qe3+ 33. Kf1 Re6 34.
Qb2 f5 35. Bd2 Qc5 36. Rc1 Qf8 37. Bd5 Rxc1+ 38. Bxc1 Qd6 39. Bh6 Kf7 40. Qh8
Qxd5 41. Qf8# 1-0

[Event "PNWCC Masters WOO 2020"]
[Site "chess.com INT"]
[Date "2020.07.04"]
[Round "1.3"]
[White "Pan, Kevin"]
[Black "Vitiugov, Nikita"]
[Result "0-1"]
[BlackTitle "GM"]
[WhiteElo "2106"]
[BlackElo "2722"]
[WhiteFideId "30915708"]
[BlackFideId "4152956"]
[EventDate "2020.07.04"]

1. d4 Nf6 2. Nf3 g6 3. e3 Bg7 4. b3 O-O 5. Bb2 d6 6. Be2 e5 7. dxe5 Nfd7 8. c4
dxe5 9. Nc3 c6 10. Ne4 f5 11. Nc3 Qe7 12. Qc2 a5 13. O-O Na6 14. Rad1 Ndc5 15.
Qd2 Nb4 16. Na4 Nxa4 17. bxa4 c5 18. Bc3 e4 19. Bxg7 Qxg7 20. Ne1 Be6 21. Qd6
Ra6 22. Qxc5 Nxa2 23. Nc2 Nc3 24. Nd4 Rc8 25. Qa3 Nxd1 26. Rxd1 Bf7 27. Nb5 Qe5
28. Rd7 Rac6 29. Nd6 Rf8 30. Nxb7 Rb6 31. g3 Be8 32. Re7 Qb2 33. Qxb2 Rxb2 34.
Kf1 Bxa4 35. c5 Rc2 0-1

[Event "PNWCC Masters WOO 2020"]
[Site "chess.com INT"]
[Date "2020.07.04"]
[Round "1.4"]
[White "Oparin, Grigoriy"]
[Black "Liang, Justin"]
[Result "1-0"]
[WhiteTitle "GM"]
[WhiteElo "2652"]
[BlackElo "2067"]
[WhiteFideId "24125890"]
[BlackFideId "2099942"]
[EventDate "2020.07.04"]

1. d4 Nf6 2. c4 e6 3. g3 Bb4+ 4. Nd2 c5 5. a3 Bxd2+ 6. Qxd2 cxd4 7. Nf3 d5 8.
cxd5 Qxd5 9. Qxd4 b6 10. Bg5 Qxd4 11. Nxd4 Bb7 12. f3 O-O 13. e4 Rd8 14. Be3
Nbd7 15. Be2 a6 16. Kf2 Rac8 17. Rac1 Kf8 18. g4 Rxc1 19. Rxc1 Rc8 20. Rd1 Nc5
21. g5 Ne8 22. Rd2 Ke7 23. b4 Nd7 24. a4 Nd6 25. Rc2 Rxc2 26. Nxc2 Bc6 27. b5
axb5 28. Nb4 Bb7 29. axb5 f6 30. h4 f5 31. Nc6+ Bxc6 32. bxc6 Ne5 33. c7 Kd7 34.
Bd4 Nec4 35. Bxg7 Kxc7 36. Bxc4 Nxc4 37. h5 Kd7 38. g6 hxg6 39. h6 Nd6 40. h7
Nf7 41. Ke3 fxe4 42. fxe4 Kd6 43. Kf4 e5+ 44. Bxe5+ Ke6 45. h8=Q Nxh8 46. Bxh8
b5 47. Bc3 Kd6 48. Kg5 1-0

[Event "PNWCC Masters WOO 2020"]
[Site "chess.com INT"]
[Date "2020.07.04"]
[Round "1.5"]
[White "Luo, Terry"]
[Black "Kuzubov, Yuriy"]
[Result "0-1"]
[BlackTitle "GM"]
[WhiteElo "2124"]
[BlackElo "2643"]
[WhiteFideId "30931045"]
[BlackFideId "14112906"]
[EventDate "2020.07.04"]

1. e4 e6 2. d4 d5 3. exd5 exd5 4. Nf3 Bg4 5. h3 Bh5 6. c4 Bb4+ 7. Nc3 Ne7 8. a3
Bxc3+ 9. bxc3 O-O 10. Be2 dxc4 11. Bxc4 Nd5 12. O-O Nxc3 13. Qb3 Bxf3 14. gxf3
b5 15. Qxc3 bxc4 16. Qxc4 Nd7 17. Bf4 Nb6 18. Qc5 Qf6 19. Qe5 Qg6+ 20. Qg5 Qxg5+
21. Bxg5 Nd5 22. Rac1 f6 23. Bd2 Rab8 24. Rc5 Rfd8 25. Ra5 Rb7 26. Rc1 Kf7 27.
Rc6 g5 28. Rca6 Rb2 29. Be3 Nxe3 30. fxe3 Rdb8 31. Rc5 Rb1+ 0-1

[Event "PNWCC Masters WOO 2020"]
[Site "chess.com INT"]
[Date "2020.07.04"]
[Round "1.6"]
[White "Matlakov, Maxim"]
[Black "Free, Graham"]
[Result "1-0"]
[WhiteTitle "GM"]
[WhiteElo "2685"]
[BlackElo "2138"]
[WhiteFideId "4168003"]
[BlackFideId "2004976"]
[EventDate "2020.07.04"]

1. c4 e5 2. g3 c6 3. d4 e4 4. d5 Bb4+ 5. Bd2 Qe7 6. e3 Nf6 7. Bg2 O-O 8. Ne2
cxd5 9. cxd5 Nxd5 10. Qb3 Bxd2+ 11. Nxd2 Nf6 12. Nc3 Nc6 13. Ndxe4 Nxe4 14. Bxe4
d5 15. Qxd5 Be6 16. Qb5 a6 17. Qe2 Ne5 18. Bxh7+ Kh8 19. Be4 f5 20. Bd5 Bxd5 21.
Nxd5 Qc5 22. Rd1 Rad8 23. b4 Qd6 24. O-O Qh6 25. Rd4 g5 26. f4 gxf4 27. Nxf4
Rde8 28. Rfd1 Ng4 29. Rd6 Rf6 30. Qb2 Ne5 31. Rd8 Rff8 32. Rxe8 Rxe8 33. Rd5 Qf6
34. Rxe5 Rxe5 35. Qxe5 1-0

[Event "PNWCC Masters WOO 2020"]
[Site "chess.com INT"]
[Date "2020.07.04"]
[Round "1.7"]
[White "Chabris, Christopher"]
[Black "Sevian, Samuel"]
[Result "0-1"]
[BlackTitle "GM"]
[WhiteElo "2125"]
[BlackElo "2660"]
[WhiteFideId "2005263"]
[BlackFideId "2040506"]
[EventDate "2020.07.04"]

1. e4 c6 2. d4 d5 3. e5 Bf5 4. Nf3 e6 5. Be2 Ne7 6. O-O h6 7. a4 Nd7 8. Nbd2 g5
9. Nb3 Bg7 10. a5 a6 11. Bd2 Ng6 12. Ne1 Nf4 13. Bxf4 gxf4 14. Bd3 Qg5 15. Bxf5
Qxf5 16. Qf3 c5 17. Nxc5 Nxc5 18. dxc5 Bxe5 19. Nd3 Bc7 20. Ra4 O-O-O 21. c6
bxc6 22. Nc5 Qxc2 23. Nb3 Kd7 24. Rc1 Qxb2 25. Nc5+ Ke7 26. Raa1 Qd4 27. Nb3 Qe4
28. Qxe4 dxe4 29. Rxc6 Be5 30. Rac1 Rd5 31. h3 Rhd8 32. Kh2 Rd1 33. Rxa6 f3+ 34.
g3 Rxc1 35. Nxc1 Rd2 36. Rc6 e3 0-1

[Event "PNWCC Masters WOO 2020"]
[Site "chess.com INT"]
[Date "2020.07.04"]
[Round "1.8"]
[White "Swiercz, Dariusz"]
[Black "Mcconnell, Sullivan"]
[Result "1-0"]
[WhiteTitle "GM"]
[WhiteElo "2649"]
[BlackElo "1895"]
[WhiteFideId "1126881"]
[BlackFideId "30934885"]
[EventDate "2020.07.04"]

1. d4 Nf6 2. Nf3 e6 3. c4 b6 4. g3 Bb7 5. Bg2 Bb4+ 6. Bd2 Qe7 7. O-O Bxd2 8.
Qxd2 O-O 9. Nc3 d6 10. d5 e5 11. e4 Nbd7 12. b4 g6 13. a3 Nh5 14. Qh6 Ba6 15.
Ng5 f5 16. Ne6 Bxc4 17. Nxf8 Rxf8 18. exf5 Bxf1 19. Rxf1 Rxf5 20. g4 Rf4 21.
gxh5 Qh4 22. Ne2 Nf6 23. h3 g5 24. Nxf4 gxf4 25. Rc1 1-0

[Event "PNWCC Masters WOO 2020"]
[Site "chess.com INT"]
[Date "2020.07.04"]
[Round "1.9"]
[White "Salik, Serkan"]
[Black "Esipenko, Andrey"]
[Result "0-1"]
[BlackTitle "GM"]
[WhiteElo "1986"]
[BlackElo "2682"]
[WhiteFideId "30952492"]
[BlackFideId "24175439"]
[EventDate "2020.07.04"]

1. d4 Nf6 2. c4 e6 3. Nc3 Bb4 4. f3 d5 5. a3 Be7 6. e4 dxe4 7. fxe4 c5 8. d5
exd5 9. exd5 O-O 10. Be2 Re8 11. Nf3 Bg4 12. O-O Nbd7 13. d6 Bf8 14. Nb5 Re6 15.
Bf4 Nh5 16. Nfd4 Bxe2 17. Nxe6 Bxd1 18. Nxd8 Be2 19. Nxb7 Bxc4 20. Nc7 Rb8 21.
Rfc1 Bd3 22. Nxc5 Nxc5 23. Rxc5 Nxf4 24. Rc6 Rxb2 25. Re1 Rxg2+ 26. Kh1 Rd2 27.
h4 Ne2 0-1

[Event "PNWCC Masters WOO 2020"]
[Site "chess.com INT"]
[Date "2020.07.04"]
[Round "1.10"]
[White "Sargissian, Gabriel"]
[Black "Chen, Ryo"]
[Result "1-0"]
[WhiteTitle "GM"]
[WhiteElo "2682"]
[BlackElo "2085"]
[WhiteFideId "13300881"]
[BlackFideId "7003072"]
[EventDate "2020.07.04"]

1. d4 Nf6 2. Nf3 g6 3. c4 Bg7 4. Nc3 d6 5. e4 O-O 6. Be2 e5 7. O-O Nc6 8. d5 Ne7
9. b4 a5 10. bxa5 Rxa5 11. a4 Nh5 12. Re1 f5 13. Ra3 Nf6 14. exf5 gxf5 15. Nb5
Ne4 16. Ng5 Nc5 17. Be3 h6 18. Bxc5 dxc5 19. Ne6 Bxe6 20. dxe6 Qc8 21. Qd7 Qxd7
22. exd7 Rd8 23. Rd1 Nc6 24. Bh5 Nd4 25. Be8 Nxb5 26. cxb5 Kf8 27. Rc1 b6 28.
Rc4 Rda8 29. Kf1 Ke7 30. Rg3 Bf6 31. Rg6 e4 32. g4 Bd4 33. gxf5 Rxa4 34. Rxa4
Rxa4 35. f6+ Bxf6 36. Rxf6 Rd4 37. Rxh6 c4 38. Rc6 Kd8 39. Ke2 Rd5 40. Rxc4 Rxb5
41. Ra4 Ra5 42. Rxa5 bxa5 43. Ke3 a4 44. Kxe4 a3 45. Bf7 Kxd7 46. Ba2 Kc6 47. h4
Kc5 48. h5 Kb4 49. Kd3 c5 50. h6 c4+ 51. Bxc4 a2 52. Bxa2 Ka3 53. h7 Kxa2 54.
h8=Q Kb1 55. Kd2 Ka2 56. Qb8 Ka1 57. Kc2 Ka2 58. Qb2# 1-0

[Event "PNWCC Masters WOO 2020"]
[Site "chess.com INT"]
[Date "2020.07.04"]
[Round "1.11"]
[White "Wang, Alex Yuxuan"]
[Black "Postny, Evgeny"]
[Result "0-1"]
[BlackTitle "GM"]
[WhiteElo "1983"]
[BlackElo "2600"]
[WhiteFideId "30943876"]
[BlackFideId "2804344"]
[EventDate "2020.07.04"]

1. Nf3 d5 2. d4 Nf6 3. g3 e6 4. Bg2 b5 5. O-O Bb7 6. Ne5 Nbd7 7. c4 bxc4 8. Nxc4
c6 9. Ncd2 c5 10. dxc5 Bxc5 11. Nb3 Be7 12. Nc3 O-O 13. Bf4 a5 14. Na4 e5 15.
Bg5 Bc6 16. Bxf6 Nxf6 17. Nbc5 Rb8 18. b3 Bxc5 19. Nxc5 Qb6 20. Rc1 Rfc8 21. Qd2
Bb5 22. Nd3 e4 23. Nf4 d4 24. Rfd1 Rxc1 25. Rxc1 Rd8 26. h4 h6 27. Qc2 d3 28.
exd3 exd3 29. Qd2 Qd4 30. Rc3 Ne4 31. Bxe4 Qxe4 32. h5 Bc6 33. Rxc6 Qxc6 34.
Nxd3 Qd5 0-1

[Event "PNWCC Masters WOO 2020"]
[Site "chess.com INT"]
[Date "2020.07.04"]
[Round "1.12"]
[White "Fedoseev, Vladimir3"]
[Black "Le, Harry"]
[Result "1-0"]
[WhiteTitle "GM"]
[WhiteElo "2678"]
[BlackElo "1833"]
[WhiteFideId "24130737"]
[BlackFideId "30927838"]
[EventDate "2020.07.04"]

1. e4 c5 2. Nf3 Nc6 3. Bb5 g6 4. Bxc6 dxc6 5. d3 Bg7 6. Nc3 e5 7. Be3 b6 8. a3
a5 9. Nd2 f5 10. exf5 Bxf5 11. Nce4 Nf6 12. Bg5 O-O 13. Qe2 Qc7 14. Nxf6+ Bxf6
15. Bxf6 Rxf6 16. O-O Rf7 17. Rae1 Re7 18. Qe3 Rae8 19. Qg3 b5 20. Ne4 Bxe4 21.
Rxe4 Qd6 22. Rfe1 a4 23. h4 h5 24. Qe3 Kf7 25. Re2 Kg8 26. Qd2 Rf8 27. Qe1 Ref7
28. Qc3 Rf5 29. Rxe5 Qd4 30. Qxd4 cxd4 31. Re6 R8f6 32. Rxf6 Rxf6 33. Re8+ Kf7
34. Rd8 c5 35. Rb8 c4 36. Rxb5 Rc6 37. Rb4 c3 38. bxc3 Rxc3 39. Rxa4 Rxc2 40.
Rxd4 Ke6 41. a4 Ra2 42. Rb4 Ra3 43. d4 Ra2 44. f3 Ra3 45. Kh2 Ra1 46. Kg3 Ra2
47. Rb6+ Kf7 48. Rb4 Ke6 49. Kf4 Rxg2 50. a5 Ra2 51. Rb6+ Kd5 52. Rxg6 Kxd4 53.
Rg5 Ra4 54. Rxh5 Kd3+ 55. Kg3 Ke2 56. Re5+ Kf1 57. h5 Ra2 58. h6 Rg2+ 59. Kf4
Rh2 60. Kg5 Kf2 61. f4 Kf3 62. Kg6 Kxf4 63. Rh5 Rg2+ 64. Kf7 Kg4 65. Rh1 Rf2+
66. Ke7 Re2+ 67. Kd7 Rd2+ 68. Kc7 Rc2+ 69. Kb7 Rb2+ 70. Ka7 Rb5 71. a6 Re5 72.
h7 Re7+ 73. Kb6 Re6+ 74. Kb5 Re5+ 75. Kb4 Re4+ 76. Kb3 Re3+ 77. Kb2 Re2+ 78. Kb1
Re8 79. h8=Q Rxh8 80. Rxh8 1-0

[Event "PNWCC Masters WOO 2020"]
[Site "chess.com INT"]
[Date "2020.07.04"]
[Round "1.13"]
[White "Maiti, Milind"]
[Black "Maghsoodloo, Parham"]
[Result "0-1"]
[BlackTitle "GM"]
[WhiteElo "2068"]
[BlackElo "2676"]
[WhiteFideId "2090767"]
[BlackFideId "12539929"]
[EventDate "2020.07.04"]

1. d4 Nf6 2. c4 e6 3. Nc3 Bb4 4. Qc2 d6 5. a3 Bxc3+ 6. Qxc3 O-O 7. Bg5 Nbd7 8.
f3 h6 9. Bh4 d5 10. e3 a5 11. cxd5 exd5 12. Bd3 Re8 13. Ne2 Kh8 14. Bf2 b6 15.
Rc1 c5 16. O-O Ba6 17. Bxa6 Rxa6 18. dxc5 bxc5 19. Nf4 Qb8 20. Bg3 Qb7 21. Rfd1
Rb6 22. Rc2 Rb3 23. Qxa5 Rbxe3 24. Bf2 Rb3 25. Qd2 d4 26. Nd3 Qd5 27. Rdc1 Rc8
28. Nb4 Qa8 29. Qxd4 Rd8 30. Qc4 Rxf3 31. Bxc5 Ne5 32. Qa6 Qe4 33. Qe2 Rb3 34.
Be7 Re3 35. Qf1 Rg8 36. Bxf6 gxf6 37. Qxf6+ Kh7 38. Rf1 Rf3 39. Qa6 Qf4 40. Rc3
Qd2 0-1

[Event "PNWCC Masters WOO 2020"]
[Site "chess.com INT"]
[Date "2020.07.04"]
[Round "1.14"]
[White "Kovalev, Vladislav"]
[Black "Markzon, Gregory"]
[Result "1-0"]
[WhiteTitle "GM"]
[BlackTitle "FM"]
[WhiteElo "2648"]
[BlackElo "2069"]
[WhiteFideId "13504398"]
[BlackFideId "2003694"]
[EventDate "2020.07.04"]

1. e4 Nf6 2. e5 Nd5 3. d4 d6 4. Nf3 Bg4 5. Be2 e6 6. h3 Bh5 7. O-O Be7 8. c4 Nb6
9. Nc3 O-O 10. Be3 d5 11. c5 Nc4 12. Bxc4 dxc4 13. Qa4 Bxf3 14. gxf3 f6 15. Qxc4
fxe5 16. Qxe6+ Kh8 17. dxe5 Rxf3 18. Kg2 Qf8 19. b4 Nc6 20. b5 Nd8 21. Qd5 Rf5
22. f4 c6 23. bxc6 Nxc6 24. Ne4 Rh5 25. Nd6 Bxd6 26. cxd6 Qf5 27. Rf3 Rh6 28.
Raf1 Rf8 29. R1f2 Rg6+ 30. Rg3 Nb4 31. Qf3 Nd3 32. Rf1 Nxe5 33. fxe5 Qc2+ 34.
Qf2 Rxf2+ 35. Rxf2 Qe4+ 36. Kh2 Kg8 37. d7 Qd5 38. Rd2 1-0

[Event "PNWCC Masters WOO 2020"]
[Site "chess.com INT"]
[Date "2020.07.04"]
[Round "1.15"]
[White "Lu, Jason"]
[Black "Predojevic, Borki"]
[Result "0-1"]
[BlackTitle "GM"]
[WhiteElo "2025"]
[BlackElo "2601"]
[WhiteFideId "30938040"]
[BlackFideId "930849"]
[EventDate "2020.07.04"]

1. e4 c5 2. Nf3 e6 3. d4 cxd4 4. Nxd4 a6 5. c4 Nf6 6. Nc3 Qc7 7. Be2 b6 8. O-O
Bb7 9. f3 Be7 10. Be3 O-O 11. Rc1 d6 12. Qd2 Nbd7 13. Rfd1 Rac8 14. b3 Rfe8 15.
Bf1 Qb8 16. Kh1 Kh8 17. Nde2 Ba8 18. Nf4 g5 19. Nd3 g4 20. Nf2 Rg8 21. fxg4 Nxg4
22. Nxg4 Rxg4 23. Bd4+ f6 24. Be2 Rg7 25. Qh6 Rcg8 26. Bf3 Ne5 27. Rg1 b5 28.
cxb5 axb5 29. Qh3 Ng4 30. b4 e5 31. Bxg4 exd4 32. Be6 dxc3 33. Bxg8 Qxg8 34. Qf5
Rg5 35. Qf3 Qe6 36. Rge1 Re5 37. Qxc3 Bxe4 38. Rf1 d5 39. Qc7 Bxg2+ 40. Kxg2
Qg4+ 41. Kh1 Qe4+ 42. Kg1 Rg5+ 0-1

[Event "PNWCC Masters WOO 2020"]
[Site "chess.com INT"]
[Date "2020.07.04"]
[Round "1.16"]
[White "Hovhannisyan, Robert"]
[Black "Vanapalli, Vishnu"]
[Result "1-0"]
[WhiteTitle "GM"]
[WhiteElo "2642"]
[BlackElo "1918"]
[WhiteFideId "13302507"]
[BlackFideId "30920523"]
[EventDate "2020.07.04"]

1. e4 e5 2. Nf3 Nc6 3. Bb5 a6 4. Ba4 Nf6 5. O-O Bc5 6. Bxc6 dxc6 7. Nxe5 Nxe4 8.
Qe2 Qd5 9. Nd3 O-O 10. Nxc5 Nxc5 11. d3 Ne6 12. Be3 b6 13. Nc3 Qd7 14. Rae1 c5
15. f3 Bb7 16. Qf2 Rad8 17. Ne4 Kh8 18. Re2 Rfe8 19. Rfe1 Bd5 20. b3 f5 21. Nc3
Bc6 22. Qh4 Qf7 23. Bf4 Nd4 24. Re7 Qg6 25. Kf2 Rxe7 26. Rxe7 Re8 27. Bxc7 Nxc2
28. Ne2 Bb5 29. Nf4 Qc6 30. Be5 Nb4 31. Rxg7 1-0

[Event "PNWCC Masters WOO 2020"]
[Site "chess.com INT"]
[Date "2020.07.04"]
[Round "1.17"]
[White "Jin, Derek"]
[Black "Demchenko, Anton"]
[Result "0-1"]
[BlackTitle "GM"]
[WhiteElo "1880"]
[BlackElo "2641"]
[WhiteFideId "30920329"]
[BlackFideId "4160258"]
[EventDate "2020.07.04"]

1. e4 c5 2. Nf3 Nc6 3. d4 cxd4 4. Nxd4 Nf6 5. Nc3 d6 6. Bg5 e6 7. Qd2 a6 8.
O-O-O Be7 9. f4 Bd7 10. Nf3 b5 11. Bxf6 gxf6 12. f5 Qa5 13. Kb1 h5 14. Bd3 Rc8
15. Rhe1 Ne5 16. Nxe5 dxe5 17. Ne2 Qxd2 18. Rxd2 h4 19. g4 hxg3 20. Nxg3 Bc5 21.
c3 a5 22. Be2 Ke7 23. Bg4 b4 24. Nh5 bxc3 25. bxc3 Rc7 26. Rf1 Bb5 27. Rf3 Bc6
28. Nxf6 Kxf6 29. fxe6+ Kg7 30. Bf5 fxe6 31. Rg2+ Kf7 32. Bg6+ Ke7 33. Rd2 Be8
34. Bxe8 Kxe8 0-1

[Event "PNWCC Masters WOO 2020"]
[Site "chess.com INT"]
[Date "2020.07.04"]
[Round "1.18"]
[White "Ter-Sahakyan, Samvel"]
[Black "Leschinsky, Gary"]
[Result "1-0"]
[WhiteTitle "GM"]
[WhiteElo "2640"]
[BlackElo "1888"]
[WhiteFideId "13302531"]
[BlackFideId "30951321"]
[EventDate "2020.07.04"]

1. e4 c6 2. Nf3 d5 3. d3 Bg4 4. Nbd2 Nf6 5. h3 Bh5 6. Qe2 e6 7. g4 dxe4 8. dxe4
Bg6 9. Ne5 Nfd7 10. Nxg6 hxg6 11. Bg2 e5 12. Nf3 Bc5 13. c3 a5 14. g5 Na6 15. h4
Nc7 16. Bh3 Bd6 17. Be3 Qe7 18. O-O-O Ne6 19. Kb1 O-O-O 20. Qc4 Rhe8 21. Rd2 Bc7
22. Rhd1 Nb6 23. Bxb6 Bxb6 24. Nxe5 Bxf2 25. Rd7 Rxd7 26. Rxd7 Qxd7 27. Nxd7
Kxd7 28. Qf1 Bg3 29. Qxf7+ Re7 30. Bxe6+ Kd6 31. Qf3 Bxh4 32. Bh3 Bxg5 33. Qd3+
Ke5 34. Qd4+ Kf4 35. Qd2+ 1-0

[Event "PNWCC Masters WOO 2020"]
[Site "chess.com INT"]
[Date "2020.07.04"]
[Round "1.19"]
[White "Pradhyumna Kumar K"]
[Black "Liang, Awonder"]
[Result "0-1"]
[BlackTitle "GM"]
[WhiteElo "1844"]
[BlackElo "2592"]
[WhiteFideId "35081110"]
[BlackFideId "2056437"]
[EventDate "2020.07.04"]

1. e4 c6 2. d4 d5 3. Nd2 dxe4 4. Nxe4 Nf6 5. Nxf6+ exf6 6. c3 Bd6 7. Bd3 O-O 8.
Ne2 Re8 9. Qc2 h5 10. Be3 Nd7 11. Ng3 Nb6 12. Nxh5 Nd5 13. O-O Bg4 14. Ng3 Bxg3
15. hxg3 Nxe3 16. fxe3 Rxe3 17. Rf4 Qd7 18. Bh7+ Kh8 19. Bf5 Bxf5 20. Rxf5 Kg8
21. Rf3 Rae8 22. Rxe3 Rxe3 23. Kf2 Qe6 24. Qd2 Re4 25. Re1 Rxe1 26. Qxe1 Qxa2
27. Qe8+ Kh7 28. Qd7 Qxb2+ 29. Kg1 Qc1+ 30. Kh2 Qh6+ 31. Kg1 Qe3+ 32. Kh2 Qe6
33. Qxb7 a5 34. Qa6 Qd5 35. c4 Qe4 36. d5 cxd5 37. c5 d4 38. c6 Qe5 39. Qc8 Qh5+
40. Kg1 d3 41. Qd7 Qe2 42. c7 d2 43. Qh3+ Kg6 44. c8=Q d1=Q+ 45. Kh2 Qh5 46.
Qxh5+ Qxh5+ 47. Kg1 Qd1+ 48. Kh2 Qd5 49. Qg4+ Qg5 50. Qe4+ Qf5 51. Qa4 Kh7 52.
Kg1 g6 53. Qb3 Kg7 54. Qa4 Qc5+ 55. Kh2 Qb4 56. Qe8 a4 57. g4 Qxg4 58. Qe7 Qf4+
59. Kh3 Qf5+ 60. g4 Qf3+ 61. Kh2 Qxg4 62. Qa7 Qe2+ 63. Kh3 Qd3+ 64. Kh2 a3 65.
Qa4 Qd2+ 66. Kh3 a2 67. Qa3 Qc2 68. Kg3 Qb1 69. Kh3 a1=Q 70. Qe7 Qc3+ 71. Kh2
Qbb2+ 72. Kh1 Qcc1+ 73. Qe1 Qxe1# 0-1

[Event "PNWCC Masters WOO 2020"]
[Site "chess.com INT"]
[Date "2020.07.04"]
[Round "1.20"]
[White "Bernadskiy, Vitaliy"]
[Black "Kumar, Naman"]
[Result "1-0"]
[WhiteTitle "GM"]
[WhiteElo "2629"]
[BlackElo "2115"]
[WhiteFideId "14100371"]
[BlackFideId "30908922"]
[EventDate "2020.07.04"]

1. d4 Nf6 2. c4 e6 3. Nc3 Bb4 4. Nf3 d5 5. Qa4+ Nc6 6. e3 O-O 7. Bd2 Bd7 8. Qc2
Bxc3 9. Bxc3 Ne4 10. Bd3 f5 11. O-O Qe7 12. cxd5 exd5 13. Qb3 Qd6 14. Rac1 a5
15. a3 a4 16. Qc2 h6 17. Bb5 Nxc3 18. Qxc3 f4 19. Rfe1 fxe3 20. Rxe3 Rfe8 21.
Bxc6 Bxc6 22. Ne5 Re6 23. Qc2 Rae8 24. f4 R6e7 25. Rc3 Re6 26. h4 Rf8 27. g3
Ref6 28. Re3 Re8 29. Rce1 Ref8 30. h5 Re8 31. Qf2 Bb5 32. f5 b6 33. Qf4 Ref8 34.
g4 c5 35. Kg2 Bc6 36. Kg3 cxd4 37. Qxd4 Re8 38. Kh3 Qc5 39. Rd1 Qxd4 40. Rxd4 b5
41. Kg3 Rd6 42. Kf4 Bb7 43. Rc3 Rc8 44. Rxc8+ Bxc8 45. Ng6 Kf7 46. Ke5 Rd8 47.
Rxd5 Rxd5+ 48. Kxd5 Kf6 49. Ke4 Bb7+ 50. Kf4 Bd5 51. Ne5 Bb3 52. Nf3 Bd5 53. Nd2
Bc6 54. Ne4+ Ke7 55. Ke5 Bb7 56. f6+ gxf6+ 57. Nxf6 Kf7 58. Ne4 Kg7 59. Nd6 Bc6
60. Kf4 Bd7 61. g5 hxg5+ 62. Kxg5 Kh7 63. Ne4 Be6 64. Nf6+ Kg7 65. h6+ Kf8 66.
Kg6 Bf7+ 67. Kf5 Bb3 68. Ke5 Kf7 69. h7 Kg7 70. Kd4 Bc2 71. Kc5 Bd3 72. Kb4 Kh8
73. Nd5 Kxh7 74. Nc7 Kg6 75. Nxb5 Kf5 76. Kxa4 Ke5 77. Kb4 Kd5 78. a4 Kc6 79.
Na3 Kb6 80. Kc3 Bf1 81. b4 Bg2 82. Nc4+ Ka6 83. b5+ Ka7 84. a5 Kb7 85. Kb4 Bh1
86. a6+ Ka7 87. Ka5 1-0

[Event "PNWCC Masters WOO 2020"]
[Site "chess.com INT"]
[Date "2020.07.04"]
[Round "1.21"]
[White "Kondakov, Adrian"]
[Black "Tabatabaei, M.amin"]
[Result "0-1"]
[WhiteTitle "CM"]
[BlackTitle "GM"]
[WhiteElo "1986"]
[BlackElo "2629"]
[WhiteFideId "30920302"]
[BlackFideId "12521213"]
[EventDate "2020.07.04"]

1. e4 c5 2. Nf3 Nc6 3. d4 cxd4 4. Nxd4 e5 5. Nb5 d6 6. N1c3 a6 7. Na3 Be6 8. Bc4
b5 9. Bxe6 fxe6 10. Ne2 Nf6 11. Ng3 d5 12. O-O Bxa3 13. bxa3 O-O 14. Bg5 Qd6 15.
Qd3 Nd7 16. Rad1 Nc5 17. Qd2 d4 18. Qe2 Na4 19. Qg4 Kh8 20. Bc1 Nc3 21. Rd3 Nxa2
22. Bd2 b4 23. Ra1 Nc3 24. Ne2 Qe7 25. Rh3 Qf6 26. Be1 a5 27. Nxc3 dxc3 28. Rf3
Qg6 29. Qxg6 hxg6 30. Rxf8+ Rxf8 31. axb4 axb4 32. f3 Nd4 33. Ra2 Rc8 34. Bf2
Nxc2 35. Rxc2 b3 36. Rc1 b2 37. Rf1 c2 0-1

[Event "PNWCC Masters WOO 2020"]
[Site "chess.com INT"]
[Date "2020.07.04"]
[Round "1.22"]
[White "Hakobyan, Aram"]
[Black "Wang, Ze"]
[Result "1-0"]
[WhiteTitle "GM"]
[WhiteElo "2588"]
[BlackElo "1869"]
[WhiteFideId "13306677"]
[BlackFideId "8615187"]
[EventDate "2020.07.04"]

1. c4 Nf6 2. Nc3 e6 3. e4 d5 4. e5 d4 5. exf6 dxc3 6. bxc3 Qxf6 7. Nf3 Bd6 8. d4
h6 9. Bd3 O-O 10. Qe2 Re8 11. c5 Bf8 12. Ne5 Nd7 13. f4 Qh4+ 14. g3 Qh3 15. Be4
Nf6 16. Bg2 Qh5 17. Bf3 Qh3 18. Ng4 e5 19. Nxe5 c6 20. Bg2 Qf5 21. O-O Be6 22.
c4 Rad8 23. Bb2 Ng4 24. Be4 Qh5 25. h4 f5 26. Bf3 g5 27. hxg5 hxg5 28. Bxg4 fxg4
29. f5 Bf7 30. Rf2 Qh3 31. Qxg4 Qxg4 32. Nxg4 Bg7 33. Ne5 Bxe5 34. dxe5 Bxc4 35.
e6 Re7 36. Bf6 Rde8 37. Bxe7 Rxe7 38. Re1 Bd5 39. g4 Rh7 40. Rh2 Rxh2 41. Kxh2
Kf8 42. f6 Bxa2 43. e7+ Ke8 44. Ra1 Be6 45. Rxa7 Bxg4 46. Ra8+ 1-0